000 00580nam a22001817a 4500
005 20140424152445.0
010 _aENG-109582
020 _a9788120348516
_c795.00
035 _aEN-93115
037 _bDBAD/PUB
082 _a658.70285
100 _aAgrawal, P.K.
245 _aSAP MM purchasing :
_cby P.K. Agrawal
_btechnical reference and learning guide /
260 _aDelhi
_bPHI Learning
_c2014
270 _aRimjhim House, 111, Patparganj Industrial Estate
_bDelhi
_e110092
300 _axxxix,856p. :
_c24cm(pbk)
_bill.
942 _2ddc
_cEN
_mAGR
_h658.70285
999 _c83087
_d83087